00259nam a2200097Ia 4500008004100000041000800041082001700049100001500066245004200081260003800123230627s9999 xx 000 0 und d amar a346.067bBAN aBansal B.L aState Financial Corporation Act, 1951 aNew DelhibAshoka Law Housec2001